О механизме синтеза органических соединений из окиси углерода и водяного пара; Вопросы кинетики и катализа

Dades bibliogràfiques
Parent link:Вопросы кинетики и катализа.— 1978.— С. 74-78
Altres autors: Кравцов А. В. Анатолий Васильевич, Головко А. К., Рубене Н. А., Давыдов А. А., Максимов Ю. В., Смольянинов С. И. Станислав Иванович
Idioma:rus
Publicat: 1978
Matèries:
Format: MixedMaterials Capítol de llibre
KOHA link:https://koha.lib.tpu.ru/cgi-bin/koha/opac-detail.pl?biblionumber=152388

MARC

LEADER 00000naa2a2200000 4500
001 152388
005 20231031150952.0
035 |a (RuTPU)RU\TPU\book\165218 
035 |a RU\TPU\tpu\15409 
090 |a 152388 
100 |a 20090130d1978 k y0rusy50 ca 
101 0 |a rus 
102 |a RU 
200 1 |a О механизме синтеза органических соединений из окиси углерода и водяного пара  |f А. В. Кравцов [и др.] 
320 |a Библиогр.: 15 назв. 
463 0 |0 (RuTPU)RU\TPU\book\160472  |t Вопросы кинетики и катализа  |o межвузовский сборник  |f Ивановский химико-технологический институт; под ред. В. А. Шорманова  |v С. 74-78  |d 1978  |p 112 с. 
610 1 |a труды учёных ТПУ 
701 1 |a Кравцов  |b А. В.  |c химик-технолог  |c профессор-консультант Томского политехнического университета, доктор технических наук  |f 1938-  |g Анатолий Васильевич  |2 stltpush  |3 (RuTPU)RU\TPU\pers\19827 
701 1 |a Головко  |b А. К. 
701 1 |a Рубене  |b Н. А. 
701 1 |a Давыдов  |b А. А. 
701 1 |a Максимов  |b Ю. В. 
701 1 |a Смольянинов  |b С. И.  |c российский химик-технолог  |c профессор Томского политехнического университета  |f 1925-1991  |g Станислав Иванович  |2 stltpush  |3 (RuTPU)RU\TPU\pers\15849 
801 1 |a RU  |b 63413507  |c 20081201  |g PSBO 
801 2 |a RU  |b 63413507  |c 20120301  |g PSBO 
942 |c BK